Devlet'in kavramı ve kapsamı (Record no. 7943)

MARC details
000 -BAŞLIK
Sabit Uzunlukta Kontrol Alanı 00777na a2200253 4500
001 - KONTROL NUMARASI
Denetim Alanı 13478
003 - KONTROL NUMARASI IDENTIFIER
Denetim Alanı MIRAKIL
005 - SON İŞLEM TARİHİ VE ZAMANI
Denetim Alanı 20181213155155.0
008 - SABİT-BOY VERİ ELEMANLARI - GENEL BİLGİLER
Sabit Uzunlukta Kontrol Alanı 161001b tu 000 0
020 ## - ULUSLARARASI STANDART KİTAP NUMARASI
Uluslararası Standart Kitap Numarası 9751902509
035 ## - SİSTEM KONTROL NUMARASI
Sistem Kontrol Numarası 13478
040 ## - KATALOGLAMA KAYNAK
Orijinal Kataloglama Ajansı Milas
Kataloglama Dili tur
Metne Dönüştürmek Ajansı TR-AnCHP
082 ## - DEWEY ONLU SINIFLANDIRMA NUMARASI
Sınıflandırma Numarası 320.101
Ürün Numarası M55d 1990
090 ## - SINIFLAMA NUMARASI
Sınıflama Numarası 320.101 M55d 1990
110 ## - ANA GİRİŞ - KURUMSAL ADI
Giriş Elemanı Olarak Kurumsal Ad Veya Yargı Alanı Adı Milli Güvenlik Genel Sekreterliği
245 ## - BAŞLIK TABLOSU
Başlık Devlet'in kavramı ve kapsamı
Sorumluluk Tablosu, Vb Milli Güvenlik Genel Sekreterliği
260 ## - YAYIN, DAĞITIM, VB
Yayın, Dağıtım, Vb Yeri Ankara
Yayıncı, Dağıtıcı, Vs Adı Milli Güvenlik Genel Sekreterliği
Yayın, Dağıtım, Vb Tarihi 1990
300 ## - FİZİKSEL TANIM
Kapsam v, 260 s.
Boyutlar 24 sm.
490 ## - SERİSİ TABLOSU
Seri Beyanı Milli Güvenlik Genel Sekreterliği Yayınları
Hacim / Ardışık Tanımı 1
650 ## - KONU KATMA GİRİŞ - TOPİKAL DÖNEM
Topikal Süreli Veya Coğrafi Ad Giriş Elemanı Siyaset ve yönetim
Genel Alt Bölümü Felsefe
650 ## - KONU KATMA GİRİŞ - TOPİKAL DÖNEM
Topikal Süreli Veya Coğrafi Ad Giriş Elemanı Devlet
Genel Alt Bölümü Felsefe ve kuram
650 ## - KONU KATMA GİRİŞ - TOPİKAL DÖNEM
Topikal Süreli Veya Coğrafi Ad Giriş Elemanı Siyasal kavramlar
942 ## - EKLENDİ GİRİŞ ELEMANLARI (KOHA)
Sınıflandırma Veya Raf Düzeni Kaynak
Koha Öğesi Türü Books
999 ## - SİSTEM KONTROL NUMARALARI (KOHA)
Koha Biblionumber 7943
Koha Biblioitemnumber 7943
Holdings
Kalıcı Konum Mevcut Konum Edinme Tarihi Edinim Kaynak Toplam Check-Out'Lar Tam Çağrı Numarası Barkod Tarih Son Görülme İtibaren Geçerli Fiyatlar Koha Öğesi Türü
CHP Kütüphanesi CHP Kütüphanesi 08/14/2016 Bağış   320.101 M55d 1990 001311 08/14/2016 08/14/2016 Books